| 000 | 00466nam a2200181 a 4500 | ||
|---|---|---|---|
| 001 | 1758085044215 | ||
| 003 | ACL | ||
| 005 | 20250917102859.0 | ||
| 008 | 250917s2008##################000#0#eng## | ||
| 020 | _a9780737739268 | ||
| 082 | 0 | 4 |
_a791.456 _bLAN |
| 100 | 1 |
_a(Jr.), Ronald D. Lankford, _eauthor. |
|
| 245 | 1 | 0 | _aReality TV : |
| 260 |
_bGreenhaven Publishing, _c2008. |
||
| 650 | 0 | _aReality television programs. | |
| 942 | _cENGLISH | ||
| 040 |
_aACL _beng _cACL |
||
| 999 |
_c587579 _d587579 |
||